00258nam a2200109Ia 4500008004100000082001600041100001500057245002700072260003300099300000800132650000800140191201s2007 xx 000 0 und d a658.45bKAB aKaul, Asha 0aBusiness Communication aN.DelhibPrentice Hallc2007 a125 aMBA